000 00379nam a2200145Ia 4500
005 20250603145233.0
008 250603s9999 xx 000 0 und d
020 _a9781032419930
050 _aTP 248.24 .L33/
100 _aSeidman, Lisa A.
245 0 _aLaboratory manual for biotechnology and laboratory science
260 _c2023
300 _axx, 423p.: ill.
942 _cBK
999 _c41274
_d41274